000 nam a22 7a 4500
999 _c7905
_d7905
008 171108b xxu||||| |||| 00| 0 eng d
100 _94370
_aCBSE
245 _aCHEMISTRY QUSETION BANK-XII
260 _aAGRA
_bOSWAL
_c2018